000
00275nam a2200121Ia 4500
008
191201s1999 xx 000 0 und d
100
_a
JHINGAN,M L
245
0
_a
International Economics
260
_a
N. Delhi
_b
Vrinda
_c
1999
300
_a
551
650
_a
MBA
942
_2
ddc
_c
BK
999
_c
146
_d
146